000 00475nam a2200157Ia 4500
008 210716s2013 xx 000 0 und d
020 _a9781107667297
041 _aeng
082 _a174.9658 BLOS
100 _aBloomfield, Stephen.
245 _aTheory and practice of corporate governance: an integrated approach.
_bIntegrated approach.
250 _a1
260 _aNew Delhi
_bCambridge University Press
_c2013
300 _axviii,421
650 _aCorporate Governance
999 _c208237
_d208237